[Event "Sao Jose dos Campos op"]
[Site "Sao Jose dos Campos"]
[Date "2012.11.30"]
[Round "3"]
[White "Correa, Ariane Miranda"]
[Black "Yoshioka, Andre"]
[Result "1-0"]
[WhiteElo "1794"]
[BlackElo "1581"]
[PlyCount "89"]
[EventDate "2012.11.29"]
[EventType "swiss"]
[EventRounds "7"]
[EventCountry "BRA"]
[SourceTitle "EXT 2014"]
[Source "ChessBase"]
[SourceDate "2013.11.20"]
[SourceVersion "1"]
[SourceVersionDate "2013.11.20"]
[SourceQuality "1"]

1. e4 c5 2. Nf3 a6 3. d4 cxd4 4. Nxd4 Nf6 5. Nc3 e5 6. Nf3 Bb4 7. Bd2 d6 8. Bd3 0-0 9. 0-0 Bg4 10. a3 Bxc3 11. Bxc3 Nc6 12. Re1 Re8 13. h3 Bh5 14. Qe2 d5 15. Rad1 d4 16. Bd2 Rc8 17. g4 Bg6 18. Nh4 Nd7 19. Nf5 Bxf5 20. exf5 h6 21. Qf3 Nc5 22. Bc4 e4 23. Qg3 b5 24. Bf1 Ne5 25. Bg2 Nc4 26. b4 Nxd2 27. Rxd2 Na4 28. Bxe4 Nc3 29. f3 Nxe4 30. Rxe4 Rxe4 31. fxe4 Rc3 32. Qxc3 Qh4 33. Rxd4 Qg5 34. Qd2 Qh4 35. Kg2 h5 36. e5 hxg4 37. Rxg4 Qe7 38. Qg5 Qb7+ 39. Kg3 f6 40. Qxf6 Qc7 41. Qe6+ Kf8 42. Qd6+ Qxd6 43. exd6 Ke8 44. Rxg7 Kd8 45. f6 1-0

[Event "BRA-ch (Women)"]
[Site "Balneario Camboriu"]
[Date "2011.07.10"]
[Round "6"]
[White "Chaves, Joara"]
[Black "Correa, Ariane Miranda"]
[Result "1-0"]
[WhiteElo "2052"]
[BlackElo "1772"]
[PlyCount "111"]
[EventDate "2011.07.07"]
[EventType "swiss"]
[EventRounds "7"]
[EventCountry "BRA"]
[SourceTitle "EXT 2012"]
[Source "ChessBase"]
[SourceDate "2011.11.24"]
[SourceVersion "1"]
[SourceVersionDate "2011.11.24"]
[SourceQuality "1"]

1. e4 c5 2. Nc3 d6 3. Bb5+ Bd7 4. Bxd7+ Qxd7 5. f4 g6 6. Nf3 Bg7 7. 0-0 Nc6 8. d3 e6 9. Qe1 Nd4 10. Qf2 Ne7 11. Nd1 f5 12. Be3 Nec6 13. c3 Nxf3+ 14. Qxf3 0-0-0 15. Rb1 e5 16. Nf2 g5 17. fxg5 f4 18. Bd2 Qe7 19. a3 Kb8 20. Nh3 h6 21. g6 h5 22. b4 cxb4 23. axb4 Qf6 24. Rb2 Ne7 25. Ra1 b6 26. c4 Nxg6 27. Be1 Qe7 28. Rba2 Rd7 29. b5 Bf6 30. Qf2 Rb7 31. Qf3 Bh4 32. Bb4 Nf8 33. d4 exd4 34. Qxf4 Qf6 35. Bxd6+ Ka8 36. Rd1 Ne6 37. Qxf6 Bxf6 38. Rf2 Rd7 39. e5 Bh4 40. Rf5 Nc5 41. Rf4 Be7 42. Rfxd4 Ne6 43. R4d3 Bd8 44. g3 h4 45. Kg2 hxg3 46. hxg3 Rdh7 47. Nf4 Rh2+ 48. Kf3 Ng5+ 49. Ke3 Rc2 50. Kd4 Rg8 51. Kd5 Nf7 52. Ne6 Nxd6 53. exd6 Bf6 54. Rf1 Rc3 55. Rxc3 Bxc3 56. d7 1-0

[Event "BRA-ch (Women)"]
[Site "Balneario Camboriu"]
[Date "2011.07.10"]
[Round "7"]
[White "Correa, Ariane Miranda"]
[Black "Leao, Cintia Rocha"]
[Result "1/2-1/2"]
[WhiteElo "1772"]
[BlackElo "1944"]
[PlyCount "92"]
[EventDate "2011.07.07"]
[EventType "swiss"]
[EventRounds "7"]
[EventCountry "BRA"]
[SourceTitle "EXT 2012"]
[Source "ChessBase"]
[SourceDate "2011.11.24"]
[SourceVersion "1"]
[SourceVersionDate "2011.11.24"]
[SourceQuality "1"]

1. e4 e5 2. Nf3 Nf6 3. Bc4 Nc6 4. d3 d6 5. c3 Bg4 6. Nbd2 Be7 7. 0-0 0-0 8. Re1 a6 9. Bb3 Nb8 10. Nf1 Nbd7 11. h3 Bh5 12. Ng3 Bg6 13. Nh4 Nc5 14. Nxg6 hxg6 15. Bc2 Ne6 16. d4 c6 17. Ne2 Nh5 18. d5 Nc7 19. dxc6 bxc6 20. f4 Bh4 21. Rf1 Ng3 22. Nxg3 Bxg3 23. fxe5 Bxe5 24. Kh1 Ne6 25. Qg4 Nc5 26. Be3 Nd7 27. Bb3 Rb8 28. Rf2 Nf6 29. Qf3 Rb7 30. Bg5 Qe8 31. Bxf6 Bxf6 32. Ba4 Rb6 33. Rd1 Be5 34. Bb3 Rb7 35. Bc4 a5 36. Qg4 Qb8 37. Rdd2 Qe8 38. h4 Kh7 39. h5 f6 40. hxg6+ Qxg6 41. Qf5 Qxf5 42. exf5 g6 43. Rd3 g5 44. Rh3+ Kg7 45. g4 Rh8 46. Rxh8 Kxh8 1/2-1/2